1893 1055 1466 1655 1219 1247 1542 1926 1471 1208 1544 1510 1324 1472 1166 1589 1651 1903 1318 1156 1770 1012 1241 1385 1093 1894 1996 1341 1853 1503 1097 1077 1737 1865 1537 1593 1424 1618 1543 1377 1597 1272 1675 1912 1427 1546 1507 1272 1604 1299 1158 1447 1497 1248 1069 1676 1896 1258 1563 1098 1584 1513 1268 1336 1923 1012 1527 1663 1526 1064 1536 1261 1689 1002 1689 1240 1746 1365 1540 1886 1335 1544 1357 1887 1118 1477 1691 1087 1257 1631 1191 1219 1626 1950 1284 1629 1733 1482 1380 BCNSPRNW ULIB Ver.6.0+V

เปลี่ยนเป็นภาษาไทย

Change to English
 แสดงรายละเอียดบรรณานุกรม
  กลับหน้าหลัก

Brief Record : Get Marc (ISO 2709) : E-mail record : QR code < ปิดหน้าต่าง
LEADER : 00000nam 2200000uu 4500
001    13399125117
003     ULIB
008    020711s2550 th a 000 0 tha d
020    9789749899267
090    นว.^bย731ค
100    โยโคมิโซะ เซชิ
245    คินดะอิจิยอดนักสืบ ตอนที่7 : คดีฆ่าตกรรม เพลงเล่นลูกบอลปีศาจ/^cโยโคมิโซะ เซชิ
260    กรุงเทพมหานคร :^bJBOOK,^c2550
300    337 หน้า
945    ^p230^l0^i022061
999    ^aทศพร
รายการนี้ยังไม่มีแท็ก
คุณยังไม่ได้ล็อกอิน คุณสามารถมีกิจกรรมร่วมกับเว็บไซต์ได้ แต่ต้องล็อกอินก่อน ::
  ล็อกอิน

รายการสื่อสารสนเทศ

ลำดับที่ ประเภท เลขเรียก/บาร์โค้ด สถานที่ สถานะ
1. นวนิยาย
นวนิยาย
นว. ย731ค ฉ.1 
  Barcode: 022061
ห้องสมุดวิทยาเขตสวรรค์ประชารักษ์
►หนังสือทั่วไป
บนชั้น

รายการใกล้เคียง
    ผู้แต่ง [โยโคมิโซะ เซชิ]

BibComment


ยังไม่เคยถูกคอมเมนท์

คอมเมนท์ทรัพยากรรายการนี้
  คอมเมนท์: คินดะอิจิยอดนักสื..


 Copyright 2026. Bcnsprnw @Library